| 000 -ლიდერი |
| ფიქსირებული სიგრძის საკონტროლო ველი |
01430nam a22002417a 4500 |
| 003 - საკონტროლო ნომრის იდენტიფიკატორი |
| საკონტროლო ველი |
Ge_BSU |
| 005 - ბოლო ოპერაციის თარიღი და დრო |
| საკონტროლო ველი |
20230921165430.0 |
| 008 - ფიქსირებული სიგრძის მონაცემთა ელემენტები - ზოგადი ინფორმაცია |
| ფიქსირებული სიგრძის საკონტროლო ველი |
230921s2021 ge ||||| |||| 00| 0 geo d |
| 020 ## - წიგნის საერთაშორისო სტანდარტული ნომერი |
| International Standard Book Number |
9789941969591 |
| 041 ## - ენის კოდი |
| Language code of text/sound track or separate title |
geo |
| 080 ## - უნივერსალური ათობითი კლასიფიკაციის ინდექსი |
| Universal Decimal Classification number |
821.411.21-31 ჰ-92 |
| 100 ## - მთავარი ჩანაწერი - პიროვნების სახელი |
| Personal name |
ჰუმაიდანი, იმან |
| 9 (RLIN) |
19864 |
| 245 ## - ცნობა სათაურის შესახებ |
| Title |
სხვა ცხოვრებანი : |
| Remainder of title |
[რომანი] / |
| Statement of responsibility, etc |
იმან ჰუმაიდანი; არაბულიდან თარგმნა დარეჯან გარდავაძემ; რედაქტორი ლია რუხაძე ; დიზაინერი გია კაკაბაძე. |
| 264 ## - წარმოების, გამოცემის, დისტრიბუციის და სხვა ცნობები |
| გამოცემის, წარმოების, დისტრიბუციის... ადგილი |
თბილისი : |
| გამოცემის, წარმოების, დისტრიბუციის... სახელწოდება |
აკადემიური წიგნი, |
| გამოცემის, წარმოების, დისტრიბუციის... თარიღი |
2021. |
| 300 ## - ფიზიკური აღწერა |
| Extent |
204 გვ. ; |
| Other physical details |
21 სმ. |
| 500 ## - ზოგადი შენიშვნა |
| General note |
წიგნი გამოიცა მწერალთა სახლის მხარდაჭერით |
| 653 ## - INDEX TERM--UNCONTROLLED |
| Uncontrolled term |
ლიბანური პროზა |
| 653 ## - INDEX TERM--UNCONTROLLED |
| Uncontrolled term |
არაბული ლიტერატურა |
| 700 ## - ADDED ENTRY--PERSONAL NAME |
| Personal name |
გარდავაძე, დარეჯან |
| Relator term |
მთარგმნელი. წინასიტყვაობის ავტორი. |
| 9 (RLIN) |
2409 |
| 700 ## - ADDED ENTRY--PERSONAL NAME |
| Personal name |
რუხაძე, ლია |
| Relator term |
რედაქტორი |
| 9 (RLIN) |
19865 |
| 700 ## - ADDED ENTRY--PERSONAL NAME |
| Personal name |
კაკაბაძე, გია |
| Relator term |
დიზაინერი |
| 9 (RLIN) |
19866 |
| 942 ## - ADDED ENTRY ELEMENTS (KOHA) |
| Source of classification or shelving scheme |
|
| Koha item type |
წიგნი |